[Event "GER-chT10 LJ-01 Br01 email"]
[Site "GER email"]
[Date "2013.10.04"]
[Round "?"]
[White "Kribben, Matthias"]
[Black "Beyer, Ulrich"]
[Result "1/2-1/2"]
[WhiteElo "2338"]
[BlackElo "2255"]
[PlyCount "78"]
[EventDate "2013.10.15"]
[EventType "tourn (corr)"]
[EventRounds "8"]
[EventCountry "GER"]
[SourceTitle "Corr 2015"]
[Source "ChessBase"]
[SourceDate "2015.07.17"]
[SourceVersion "1"]
[SourceVersionDate "2015.07.17"]
[SourceQuality "1"]

1. d4 Nf6 2. Bg5 e6 3. Nd2 h6 4. Bh4 c5 5. e4 d5 6. exd5 Qxd5 7. Ngf3 cxd4 8. Bc4 Qd6 9. 0-0 Nc6 10. Nb3 Be7 11. Nbxd4 Nxd4 12. Nxd4 0-0 13. c3 Bd7 14. Re1 Rfd8 15. Qe2 Qc5 16. Rad1 Rac8 17. Bb3 b5 18. f4 Nd5 19. Bxe7 Nxe7 20. Qf2 Nc6 21. Nf3 Qxf2+ 22. Kxf2 Be8 23. Rxd8 Rxd8 24. Rd1 Rc8 25. Bc2 Na5 26. Bd3 Nc4 27. Bxc4 bxc4 28. Nd4 g5 29. g3 Kf8 30. Re1 a5 31. Re2 a4 32. Nf3 gxf4 33. gxf4 Bc6 34. Ne5 Bd5 35. Nd7+ Ke7 36. Nb6 Rc5 37. Ke3 Bc6 38. Kd4 Rf5 39. Ke3 Bb5 1/2-1/2

[Event "GER-chT9 LI-21 Br01 email"]
[Site "GER email"]
[Date "2011.10.17"]
[Round "?"]
[White "Beyer, Ulrich"]
[Black "Heimbrodt, Wolfram"]
[Result "1/2-1/2"]
[WhiteElo "2255"]
[BlackElo "2275"]
[PlyCount "61"]
[EventDate "2011.10.23"]
[EventType "tourn (corr)"]
[EventRounds "8"]
[EventCountry "GER"]
[SourceTitle "Corr 2015"]
[Source "ChessBase"]
[SourceDate "2015.07.17"]
[SourceVersion "1"]
[SourceVersionDate "2015.07.17"]
[SourceQuality "1"]

1. e4 d6 2. d4 Nf6 3. Nc3 g6 4. Be3 c6 5. Qd2 b5 6. Bd3 Nbd7 7. Nf3 Qc7 8. 0-0 Bg7 9. h3 0-0 10. Rfe1 e5 11. dxe5 dxe5 12. a4 b4 13. Ne2 c5 14. b3 Rd8 15. c3 Nf8 16. cxb4 cxb4 17. Rac1 Qd6 18. Bb1 Ne8 19. Red1 Be6 20. Qc2 Qe7 21. a5 Rac8 22. Qa2 Rxc1 23. Rxc1 a6 24. Kh2 Qb7 25. Bb6 Rb8 26. Ng5 Bc8 27. Bd3 h6 28. Nf3 Be6 29. Nd2 Nd7 30. Be3 Bf8 31. Qc2 1/2-1/2

[Event "GER-chT8 LH-01 Br2 email"]
[Site "GER email"]
[Date "2009.10.09"]
[Round "?"]
[White "Beyer, Ulrich"]
[Black "Kamp, Christoph"]
[Result "1/2-1/2"]
[WhiteElo "2250"]
[BlackElo "2324"]
[PlyCount "73"]
[EventDate "2009.10.15"]
[EventType "tourn (corr)"]
[EventRounds "8"]
[EventCountry "GER"]
[SourceTitle "Corr 2020"]
[Source "ChessBase"]
[SourceDate "2019.09.30"]
[SourceVersion "1"]
[SourceVersionDate "2019.09.30"]
[SourceQuality "1"]

1. e4 c5 2. Nf3 d6 3. d4 cxd4 4. Nxd4 Nf6 5. Nc3 a6 6. Be3 e5 7. Nb3 Be6 8. Nd5 Nbd7 9. f3 Nxd5 10. exd5 Bf5 11. Bd3 Bxd3 12. Qxd3 Be7 13. 0-0 0-0 14. Qd2 a5 15. a4 f5 16. f4 Qc7 17. Rad1 Nf6 18. fxe5 Ne4 19. Qd3 dxe5 20. Kh1 Rac8 21. c3 b6 22. g4 f4 23. Bxf4 Nxc3 24. bxc3 Rxf4 25. Rxf4 exf4 26. Nd4 Qxc3 27. Qxc3 Rxc3 28. d6 Bxd6 29. Nb5 Rc4 30. Nxd6 Rxa4 31. Kg2 Ra2+ 32. Kf3 Rxh2 33. Kxf4 h5 34. Kg3 Rc2 35. gxh5 a4 36. Ne4 Rc8 37. Rb1 1/2-1/2

[Event "GER-chT8 LH-01 Br2 email"]
[Site "GER email"]
[Date "2009.10.09"]
[Round "?"]
[White "Beyer, Ulrich"]
[Black "Keller, Harald"]
[Result "1-0"]
[WhiteElo "2250"]
[BlackElo "2164"]
[PlyCount "113"]
[EventDate "2009.10.15"]
[EventType "tourn (corr)"]
[EventRounds "8"]
[EventCountry "GER"]
[SourceTitle "Corr 2020"]
[Source "ChessBase"]
[SourceDate "2019.09.30"]
[SourceVersion "1"]
[SourceVersionDate "2019.09.30"]
[SourceQuality "1"]

1. e4 c5 2. Nf3 Nc6 3. Bb5 g6 4. 0-0 Bg7 5. Re1 Nf6 6. c3 0-0 7. d4 d5 8. e5 Ne4 9. Nbd2 cxd4 10. cxd4 Nxd2 11. Qxd2 Qb6 12. Bxc6 bxc6 13. b3 a5 14. Ba3 Qb7 15. Bc5 Re8 16. Rac1 h6 17. h3 Be6 18. Nh2 Kh7 19. Rc3 Qd7 20. Nf1 f6 21. f4 h5 22. Ng3 Bh6 23. Qf2 f5 24. Nf1 Qd8 25. Nd2 Bc8 26. e6 Rf8 27. Nf3 Rf6 28. Ne5 Rxe6 29. Nf7 Qf8 30. Rxe6 Bxe6 31. Nxh6 Bd7 32. Re3 Re8 33. Qe1 Qxh6 34. Rxe7+ Rxe7 35. Qxe7+ Qg7 36. Qd6 Qf7 37. Kh2 Be6 38. Qd8 Qg8 39. Qc7+ Qf7 40. Qxc6 g5 41. Bd6 g4 42. h4 Bd7 43. Qc7 a4 44. b4 Be8 45. Qc5 Qd7 46. Be5 Kg8 47. Qb6 Qc6 48. Qd8 Qe6 49. b5 Kf7 50. b6 Bc6 51. Bd6 Bb7 52. Qf8+ Kg6 53. Be7 g3+ 54. Kh3 Qf7 55. Qd8 Kh7 56. Bg5 Kg7 57. Kxg3 1-0

[Event "GER-chT8 LH-01 Br2 email"]
[Site "GER email"]
[Date "2009.10.09"]
[Round "?"]
[White "Beyer, Ulrich"]
[Black "Rio, Roland Del"]
[Result "1/2-1/2"]
[WhiteElo "2250"]
[BlackElo "2272"]
[PlyCount "61"]
[EventDate "2009.10.15"]
[EventType "tourn (corr)"]
[EventRounds "8"]
[EventCountry "GER"]
[SourceTitle "Corr 2020"]
[Source "ChessBase"]
[SourceDate "2019.09.30"]
[SourceVersion "1"]
[SourceVersionDate "2019.09.30"]
[SourceQuality "1"]

1. e4 e5 2. Nf3 Nc6 3. Bb5 a6 4. Ba4 Nf6 5. 0-0 b5 6. Bb3 Bb7 7. d3 Be7 8. Nc3 0-0 9. Nd5 Na5 10. Nxe7+ Qxe7 11. Nh4 Nxb3 12. axb3 d5 13. Nf5 Qe6 14. f3 Ne8 15. Be3 d4 16. Bd2 Nd6 17. Bb4 Rfc8 18. Bxd6 cxd6 19. f4 Kh8 20. Qd2 f6 21. c4 dxc3 22. bxc3 Rd8 23. Qf2 d5 24. fxe5 dxe4 25. Qg3 Rd7 26. exf6 gxf6 27. d4 Rg8 28. Qf4 e3 29. Ng3 Qxb3 30. Qxe3 Qb2 31. Qf2 1/2-1/2